[Event "GER Seniors Derby 08th"]
[Site "Wesel Undeloh"]
[Date "2009.04.18"]
[Round "5.6"]
[White "Weiss, Hartwig"]
[Black "Hugel, Harald"]
[Result "1-0"]
[WhiteElo "1912"]
[BlackElo "1842"]
[PlyCount "111"]
[EventDate "2009.04.16"]
[EventType "swiss"]
[EventRounds "7"]
[EventCountry "GER"]
[SourceTitle "EXT 2022"]
[Source "ChessBase"]
[SourceDate "2021.10.06"]
[SourceVersion "1"]
[SourceVersionDate "2021.10.06"]
[SourceQuality "1"]

1. e4 e5 2. Bc4 Nf6 3. d3 Be7 4. Nc3 0-0 5. f4 exf4 6. Bxf4 d6 7. Nf3 Be6 8. Bb3 Bxb3 9. axb3 Nbd7 10. 0-0 c6 11. Qd2 a6 12. Rae1 h6 13. Kh1 Nh7 14. Nd4 Bg5 15. Nf5 Nc5 16. Qf2 Bxf4 17. Qxf4 d5 18. exd5 cxd5 19. Qg3 Qg5 20. Qxg5 Nxg5 21. Ne7+ Kh7 22. Nexd5 Nge6 23. Ne4 Nxe4 24. Rxe4 Rac8 25. Rc4 Rcd8 26. Ne3 f6 27. Kg1 Rfe8 28. Kf2 Rd7 29. Re1 g6 30. Re4 Kg7 31. Nf5+ gxf5 32. Rxe6 Rxe6 33. Rxe6 Kf7 34. Rb6 Kg6 35. Ke3 Re7+ 36. Kf2 Kg5 37. d4 h5 38. d5 h4 39. Re6 Rd7 40. c4 f4 41. Kf3 h3 42. Re2 hxg2 43. Rxg2+ Kf5 44. Rg4 Rh7 45. Rxf4+ Ke5 46. h4 f5 47. b4 Rg7 48. h5 Rg1 49. Rh4 Rg7 50. h6 Rh7 51. b3 b6 52. Rh5 b5 53. Rh4 f4 54. Rh5+ Kd4 55. c5 Kc3 56. d6 1-0